000 00873nas a2200301 4500
001 BR2015000604
003 BR-BrBNA
005 20231205124951.0
007 ta
008 230509b bl.|||p| |||| 00| 00por d
040 _aBR-BrBNA
_bpor
_cBiblioteca Nacional de Agricultura
041 _a(En)
072 _aH60
100 1 _aFrancischini, A.C.
100 1 _aConstantin, J.
100 1 _aOliveira JR., R.S.
100 1 _aSantos, G.
100 1 _aBraz, G.B.P.
100 1 _aDan, H.A.
245 1 _aFirst report of Amaranthus viridis resistance to herbicides
650 _aALGODAO
650 _aERVA DANINHA
650 _aHERBICIDA
650 _aRESISTENCIA A PRODUTOS QUIMICOS
773 0 _tPlanta Daninha (Brazil)
_xISSN 0100-8358
_g(Jul-Sep 2014), v. 32(3) p. 571-578
_wBR2015000604
909 _a202311
_bLúcia
_c55
_dLúcia Elande
942 _2AGRIS
_n0
_cANA
999 _c241887
_d241887